Statistiques concernant Plus grandes villes de Normandie

Cliquez ici pour prendre le quiz!

Statistiques générales

  • Ce quiz a été pris 173 fois
  • Le résultat moyen est 21 sur 42

Statistiques - réponses

DépartementVille
Population
(en milliers)
% Correct
CalvadosCaen105
99%
Seine MaritimeRouen111
99%
Seine MaritimeLe Havre169
97%
EureÉvreux46
93%
MancheCherbourg en Cotentin79
92%
MancheSaint Lô19
85%
OrneAlençon25
84%
Seine MaritimeDieppe28
84%
CalvadosBayeux13
74%
CalvadosLisieux20
70%
MancheGranville12
67%
Seine MaritimeFécamp18
65%
MancheAvranches10
62%
EureVernon23
60%
CalvadosVire16
57%
Seine MaritimeSotteville lès Rouen28
56%
CalvadosHérouville Saint Clair22
52%
Seine MaritimeSaint Étienne du Rouvray28
52%
Seine MaritimeElbeuf16
46%
OrneFlers14
45%
OrneArgentan13
43%
Seine MaritimeLe Grand Quevilly25
43%
Seine MaritimeMont Saint Aignan19
43%
Seine MaritimeLe Petit Quevilly22
42%
Seine MaritimeYvetot11
42%
EureLouviers18
40%
EureVal de Reuil13
35%
Seine MaritimeBarentin12
33%
Seine MaritimeBois Guillaume14
32%
EurePont Audemer10
32%
Seine MaritimeBolbec11
31%
CalvadosIfs11
31%
Seine MaritimeOissel12
30%
Seine MaritimeMaromme10
29%
Seine MaritimeCanteleu14
27%
MancheCarentan les Marais10
27%
EureGisors11
27%
Seine MaritimeMontivilliers15
24%
Seine MaritimeCaudebec lès Elbeuf10
20%
Seine MaritimeDéville lès Rouen10
19%
MancheLa Hague11
16%
Seine MaritimePort Jérôme sur Seine10
7%

Distribution des résultats

Percentile par nombre de réponses

% des personnes avec chaque résultat

Votre développement - résultats

Vous n’avez pas pris ce quiz